Statistics for U.S. States with the Largest Romanian Populations

Click here to take the quiz!

General Stats

  • This quiz has been taken 396 times
  • The average score is 7 of 10

Answer Stats

RankRomanian PopulationState% Correct
1161,900New York
98%
2128,133California
92%
3121,015Florida
84%
6106,017Illinois
66%
883,228Ohio
66%
947,689Georgia
61%
4119,624Michigan
61%
5114,529Pennsylvania
58%
10>42,989Indiana
51%
784,958Delaware
32%

Score Distribution

Percentile by Number Answered

Percent of People with Each Score

Your Score History

You have not taken this quiz